日本の世界遺産がある市区町村 - Statistics

General Stats
  • This quiz has been taken 637 times
  • The average score is 55 of 119
Answer Stats
市区町村名 世界遺産 % Correct
奈良市 古都奈良の文化財
86%
姫路市 姫路城
85%
日光市 日光の社寺
84%
京都市 古都京都の文化財
84%
広島市 原爆ドーム
84%
富岡市 富岡製糸場と絹産業遺産群
83%
小笠原村 小笠原諸島
82%
富士市 富士山‐信仰の対象と芸術の源泉‐
81%
平泉町 平泉
80%
那覇市 琉球王国のグスク及び関連遺産群
79%
長崎市 明治日本の産業革命遺産長崎と天草地方の潜伏キリシタン関連遺産
78%
青森市 北海道・北東北の縄文遺跡群
76%
宇治市 古都京都の文化財
76%
天草市 長崎と天草地方の潜伏キリシタン関連遺産
76%
富士宮市 富士山‐信仰の対象と芸術の源泉‐
75%
奄美市 奄美大島、徳之島、沖縄島北部及び西表島
75%
堺市 百舌鳥・古市古墳群
74%
富士吉田市 富士山‐信仰の対象と芸術の源泉‐
73%
白川村 白川郷・五箇山の合掌造り集落
73%
斜里町 知床
72%
廿日市市 厳島神社
71%
屋久島町 屋久島
71%
新宮市 紀伊山地の霊場と参詣道
70%
熊野市 紀伊山地の霊場と参詣道
69%
田辺市 紀伊山地の霊場と参詣道
66%
函館市 北海道・北東北の縄文遺跡群
64%
宗像市 「神宿る島」宗像・沖ノ島と関連遺産群
64%
羅臼町 知床
63%
富士河口湖町 富士山‐信仰の対象と芸術の源泉‐
63%
御殿場市 富士山‐信仰の対象と芸術の源泉‐
63%
十津川村 紀伊山地の霊場と参詣道
63%
尾鷲市 紀伊山地の霊場と参詣道
62%
徳之島町 奄美大島、徳之島、沖縄島北部及び西表島
60%
北九州市 明治日本の産業革命遺産
59%
佐世保市 長崎と天草地方の潜伏キリシタン関連遺産
59%
静岡市 富士山‐信仰の対象と芸術の源泉‐
58%
弘前市 北海道・北東北の縄文遺跡群
55%
斑鳩町 法隆寺地域の仏教建造物
55%
深浦町 白神山地
52%
大津市 古都京都の文化財
52%
裾野市 富士山‐信仰の対象と芸術の源泉‐
51%
台東区 ル・コルビュジエの建築作品
50%
南砺市 白川郷・五箇山の合掌造り集落
50%
大田市 石見銀山遺跡とその文化的景観
50%
山中湖村 富士山‐信仰の対象と芸術の源泉‐
49%
五島市 長崎と天草地方の潜伏キリシタン関連遺産
48%
吉野町 紀伊山地の霊場と参詣道
47%
下北山村 紀伊山地の霊場と参詣道
47%
上北山村 紀伊山地の霊場と参詣道
47%
那智勝浦町 紀伊山地の霊場と参詣道
47%
串本町 紀伊山地の霊場と参詣道
47%
五條市 紀伊山地の霊場と参詣道
46%
忍野村 富士山‐信仰の対象と芸術の源泉‐
45%
橋本市 紀伊山地の霊場と参詣道
45%
高野町 紀伊山地の霊場と参詣道
45%
南島原市 長崎と天草地方の潜伏キリシタン関連遺産
45%
平戸市 長崎と天草地方の潜伏キリシタン関連遺産
44%
うるま市 琉球王国のグスク及び関連遺産群
43%
竹富町 奄美大島、徳之島、沖縄島北部及び西表島
43%
藤岡市 富岡製糸場と絹産業遺産群
42%
紀宝町 紀伊山地の霊場と参詣道
41%
八戸市 北海道・北東北の縄文遺跡群
40%
北秋田市 北海道・北東北の縄文遺跡群
40%
伊豆の国市 明治日本の産業革命遺産
40%
羽曳野市 百舌鳥・古市古墳群
40%
白浜町 紀伊山地の霊場と参詣道
40%
国頭村 奄美大島、徳之島、沖縄島北部及び西表島
40%
藤井寺市 百舌鳥・古市古墳群
39%
鰺ヶ沢町 白神山地
38%
身延町 富士山‐信仰の対象と芸術の源泉‐
38%
野迫川村 紀伊山地の霊場と参詣道
38%
瀬戸内町 奄美大島、徳之島、沖縄島北部及び西表島
38%
下仁田町 富岡製糸場と絹産業遺産群
37%
鳴沢村 富士山‐信仰の対象と芸術の源泉‐
37%
小山町 富士山‐信仰の対象と芸術の源泉‐
37%
紀北町 紀伊山地の霊場と参詣道
36%
新上五島町 長崎と天草地方の潜伏キリシタン関連遺産
36%
西目屋村 白神山地
35%
南城市 琉球王国のグスク及び関連遺産群
35%
すさみ町 紀伊山地の霊場と参詣道
34%
東村 奄美大島、徳之島、沖縄島北部及び西表島
34%
大牟田市 明治日本の産業革命遺産
32%
鹿児島市 明治日本の産業革命遺産
32%
宇検村 奄美大島、徳之島、沖縄島北部及び西表島
32%
九度山町 紀伊山地の霊場と参詣道
31%
釜石市 明治日本の産業革命遺産
30%
萩市 明治日本の産業革命遺産
30%
龍郷町 奄美大島、徳之島、沖縄島北部及び西表島
30%
つがる市 北海道・北東北の縄文遺跡群
29%
藤里町 白神山地
29%
黒滝村 紀伊山地の霊場と参詣道
29%
天川村 紀伊山地の霊場と参詣道
29%
中城村 琉球王国のグスク及び関連遺産群
29%
大和村 奄美大島、徳之島、沖縄島北部及び西表島
28%
伊仙町 奄美大島、徳之島、沖縄島北部及び西表島
28%
福津市 「神宿る島」宗像・沖ノ島と関連遺産群
27%
小値賀町 長崎と天草地方の潜伏キリシタン関連遺産
27%
天城町 奄美大島、徳之島、沖縄島北部及び西表島
27%
かつらぎ町 紀伊山地の霊場と参詣道
26%
佐賀市 明治日本の産業革命遺産
26%
今帰仁村 琉球王国のグスク及び関連遺産群
26%
御浜町 紀伊山地の霊場と参詣道
25%
川上村(奈良県) 紀伊山地の霊場と参詣道
25%
読谷村 琉球王国のグスク及び関連遺産群
25%
鹿角市 北海道・北東北の縄文遺跡群
24%
北中城村 琉球王国のグスク及び関連遺産群
24%
大紀町 紀伊山地の霊場と参詣道
23%
荒尾市 明治日本の産業革命遺産
23%
伊勢崎市 富岡製糸場と絹産業遺産群
22%
上富田町 紀伊山地の霊場と参詣道
20%
大宜味村 奄美大島、徳之島、沖縄島北部及び西表島
19%
七戸町 北海道・北東北の縄文遺跡群
16%
宇城市 明治日本の産業革命遺産
15%
外ヶ浜町 北海道・北東北の縄文遺跡群
14%
中間市 明治日本の産業革命遺産
14%
一戸町 北海道・北東北の縄文遺跡群
13%
千歳市 北海道・北東北の縄文遺跡群
12%
伊達市(北海道) 北海道・北東北の縄文遺跡群
12%
洞爺湖町 北海道・北東北の縄文遺跡群
10%
No matching quizzes found
Score Distribution
Percent of People with Each Score
Percentile by Number Answered
Your Score History
You have not taken this quiz